| 000 | 00580nam a2200217Ia 4500 | ||
|---|---|---|---|
| 008 | 170918s9999 xx 000 0 und d | ||
| 020 | _a9780590431620 | ||
| 050 | _bB141 1990 | ||
| 100 | _aBaer, Edith | ||
| 245 | _aThis is the way we go to school : | ||
| 245 | _ba book about children around the world / | ||
| 245 | _cEdith Baer ; illustrated by Steve Bjorkman. | ||
| 260 | _aNew York : | ||
| 260 | _bScholastic, | ||
| 260 | _c1990 | ||
| 300 | _aunpaged : | ||
| 300 | _bcolored illustration ; | ||
| 300 | _c26cm. | ||
| 440 | _aA blue ribbon book. | ||
| 500 | _a360 | ||
| 999 |
_c341427 _d341427 |
||